000 00676nam a2200193Ia 4500
003 LDD
008 190117s9999 xx 000 0 und d
020 _a9788126727698
_c₹400
040 _cLDD
041 _ahi
082 _a8H0.9 रा2612हिं
100 _aराजकुमार
245 0 _aहिन्दी का साहित्यिक संस्कृति और भारतीय आधुनिक
_cराजकुमार
260 _bराजकमल प्रकाशन
_c2015
300 _a171p.
901 _aRAJ
904 _aReqst by : J.M. Parakh
942 _2ddc
_cH
999 _c168332
_d168332